| 000 | 01641nam a22002177a 4500 | ||
|---|---|---|---|
| 001 | 3729 | ||
| 003 | FISKH | ||
| 005 | 20240425095806.0 | ||
| 008 | 240425b cb ||||| |||| 00| 0 eng d | ||
| 040 |
_aFISKH _bkhr _cFISKH _dFISKH |
||
| 050 | _aPZ7 | ||
| 082 | _a959.6033 | ||
| 100 | _aSot, Eng | ||
| 245 |
_aឯកសារ មហាបុរសខ្មែរ : _bព្រះរាជពង្សាវតារខ្មែរ តាមសាស្រ្តាស្លឹករឹត ពិតឥតក្លែងក្លាយ / _cអ្នកស្រាវជ្រាវ អេង សុត ; សមាជិកនៃគណកម្មការ ប្រវត្តិសាស្រ្ត និងវប្បធម៍ |
||
| 260 |
_aភ្នំពេញ: _bគ្រឹះស្ថានបោះពុម្ព និង ចែកផ្សាយ នៃក្រសួងអប់រំ យុវជន និង កីឡា, _c2001. |
||
| 300 |
_a250 pages : _billustrations ; _c25 cm |
||
| 520 | _aសៀវភៅនេះបានវេញបញ្ចូលគ្នានូវឯកសារមហាបុរសខ្មែរទាំង ៧។ វានិយាយពីពង្សាវតារខ្មែរពីសម័យផែនដីព្រះបាទអង្គជ័យ រហូតដល់ផែនដីព្រះបាទនរោត្តម។ | ||
| 520 | _aThis book is a compilation of the documents of the seven great Khmer heroes. It talks about the Khmer genealogy from the time of King Ang Chey to the time of King Norodom. | ||
| 942 |
_2ddc _cKHB _n0 |
||
| 999 |
_c3729 _d3729 |
||